| 000 | 00464nam a2200193 a 4500 | ||
|---|---|---|---|
| 001 | 1763796556282 | ||
| 003 | ACL | ||
| 005 | 20251122130144.0 | ||
| 008 | 251122s2001##################000#0#eng## | ||
| 020 | _a9781878707550 | ||
| 082 | 0 | 4 |
_a621.382 _bNAS |
| 100 | 1 |
_aNassar, Carl, _eauthor. |
|
| 245 | 1 | 0 | _aTelecommunications Demystified : |
| 260 |
_bNewnes, _c2001. |
||
| 300 | _a380 pages | ||
| 650 | 0 | _aScience. | |
| 942 | _cENGLISH | ||
| 040 |
_aACL _beng _cACL |
||
| 999 |
_c598428 _d598428 |
||